000 00500nam a2200181Ia 4500
008 220216s9999 xx 000 0 und d
100 _aJessy M.D
245 0 _aFoliar nutrient resorption in rubber trees (Hevea brasiliensis)
260 _bJournal of Plantation Crops
_c2012
300 _a94-100
650 _aHevea brasiliensis
650 _aNutrient ratio
650 _aProficiency
650 _aResorption efficiency
650 _aSoil nutrient status
700 _aJoseph P
942 _cJS
999 _c59507
_d59507